000 00934nam a2200193Ia 4500
003 GCL
008 140319s9999 xx 000 0 ara d
040 _aGCL /
_cGCL
082 0 4 _a953
_bا ت
100 1 _aابن ابى الدم : ابو اسحاق شهاب الدين ابراهيم بن عبدالله بن عبدالمنعم الهمدانى
245 1 0 _aالتاريخ الاسلامى المعروف باسم التاريخ المظفرى : الجزء الاول من البعثة النبوية الى نهاية الدولة الاموية /
_cابن ابى الدم : ابو اسحاق شهاب الدين ابراهيم بن عبدالله بن عبدالمنعم الهمدانى
700 1 _aحامد زيان غانم زيان
300 _a346 ص
490 _a
650 0 4 _aالسيرة النبوية
650 0 4 _aالتاريخ الاسلامى
650 0 4 _aالدولة الاموية
942 _2ddc
_cBK
999 _c46268
_d46268